000 00620nam a2200205Ia 4500
005 20260121110245.0
008 008 260114s9999 xx 000 0 hin d
020 _a9788132303800
037 _aEBOOK
040 _aCRL
_bhin
_cCRL
041 _ahin
_2hin
084 _qCRL
100 _aमुकुल वर्मा / Mukul Verma
_9943968
245 0 _aदलित शिक्षा / Dalit Shiksha
260 _bभाषा प्रकाशन / Bhasha Prakashan
_c2020
856 _uhttps://bhashaprakashan.com/product-details/378012
942 _cEBOOK
999 _c1535633
_d1535633